Program vytvárania turistických informačných kancelárií v Slovenskej republike a skvalitňovania ich služieb

Bibliographic Details
Format: Article
Language:Slovak
Subjects:

MARC

LEADER 00000nab a2200000 a 4500
001 vtls000543024
003 SK-MaSNL
005 20260303011848.0
008 150430c1995 xo 0 slo
015 |a SNBRB19rr/mm-uuuuu 
035 |a CL0543162 
040 |a SNKBUCL  |b slo  |c SNKBUCL  |e AACR2 
041 0 |a slo 
044 |a xo  |c SK 
080 |a 338.48.07(437.6):002.6  |2 1981 
080 |a 002.6  |2 1981 
080 |a 659.23  |2 1981 
245 0 0 |a Program vytvárania turistických informačných kancelárií v Slovenskej republike a skvalitňovania ich služieb 
650 0 7 |a ruch cestovný  |2 snkbucl  |9 467000 
650 0 7 |a kancelárie turistické informačné  |2 snkbucl  |9 990873 
655 7 |a články z novín a časopisov  |2 snkbucl  |9 267496 
773 0 |t Obecné noviny  |g Roč. 5, č. 8 (1995), s. 16-17 
850 |a Slovenská národná knižnica v Martine  |a MTA001 
852 |a SNK  |b KIS3GCP 
958 |a RK 
958 |a SK 
992 |a RBX 
999 |c 1594413  |d 1596343